Українська дитяча література (Запис № 17358)

000 -Маркер запису
Контрольне поле сталої довжини 01357nam a22002537a 4500
003 - Належність контрольного номера
Контрольне поле Uzh_bibl
008 - Кодовані дані
Контрольне поле сталої довжини 260416b |||||||| |||| 00| 0 ukr d
020 ## - Індекс ISBN
ISBN 5-11-003927-5
Ціна 18,45
040 ## - Джерело каталогіз.
Код мови каталог. укр.
041 ## - Код мови видання
Код мови оригіналу українська
Код мови тексту українська
080 ## - Індекс УДК
Індекс УДК 821.161.2
090 ## - Шифри
Поличний індекс 821.161.2
Авторський знак У 45
100 ## - Автор
Автор -
245 ## - Назва
Назва Українська дитяча література
Продовж. назви Хрестоматія частина 2
Відповідальність Упоряд. І.А.Луценко; А.М.Подолинський; Б.Й.Чайковський
Фізичний носій Текст
260 ## - Вихідні дані
Місце видання Київ
Видавництво "Вища Школа"
Дата видання 1992
300 ## - Фізичний опис
Обсяг 286 с.
Тип одиниці В опр.
520 ## - Анотація
Анотація Хрестоматія містить твори та уривки з творів українських сучасних письменників для дітей. До кожного розділу дано кортку характеристику певного етапу розвитку української дитячої літератури, короткі відомості про письменників.
521 ## - Примітка про цільове призначення
Примітка про цільове призначення Для широкого кола читачів
546 ## - Примітка про мову
Примітка про мову укр.
650 ## - Тематичні рубрики
Основна рубрика Літературно-художнє видання
653 ## - Ключові слова
Ключові слова Ліси
-- Луги
-- Льодяне царство
655 ## - Термін індексування — жанр/форма
Жанр/форма Художня література
Типове ділення Казки
942 ## - ADDED ENTRY ELEMENTS (KOHA)
Джерело класифікації чи схема поличного розташування
Koha item type Книги
Фонди
Статус вилучення Статус втрати/відсутності Джерело класифікації чи схема поличного розташування Статус пошкодження Тип обігу (не для випозичання) Постійне розташування Поточне розташування Розташування у відділі Дата надходження Інвентарний номер Total Checkouts Повний (примірниковий) шифр зберігання Штрих-код Date last seen Дата, для якої чинна ціна заміни Тип одиниці (рівень примірника)
          Бібліотека-філія №2 Бібліотека-філія №2 Абонемент молодший відділ 16/04/2026 43740   821.161.2 19685 16/04/2026 16/04/2026 Книги

Працює на АБІС Коха